Love looks pretty on you - Nessa Barrett - Statistics

General Stats
  • This quiz has been taken 29 times
  • The average score is 185 of 213
Answer Stats
Answer % Correct
look
100%
looks
100%
love
100%
on
100%
pretty
100%
you
100%
a
94%
an
94%
and
94%
I
94%
me
94%
so
94%
be
88%
body
88%
delicately
88%
down
88%
for
88%
For
88%
how
88%
in
88%
more
88%
my
88%
naked
88%
see
88%
than
88%
the
88%
angel
81%
candle
81%
close
81%
door
81%
feel
81%
first
81%
heaven's
81%
if
81%
isn't
81%
like
81%
lovers
81%
one
81%
painful
81%
take
81%
that's
81%
this
81%
time
81%
we'll
81%
where
81%
white
81%
baby
75%
darlin'
75%
gently
75%
hold
75%
Kiss
75%
lady
75%
lay
75%
light
75%
now
75%
Oh
75%
only
75%
sheets
75%
sweet
75%
where
75%
you're
75%
dreamin'
69%
sex
69%
stay
69%
it's
63%
know
63%
must
63%
to
63%
death
56%
Keep
56%
muse
56%
safe
56%
dainty
38%
No matching quizzes found
Score Distribution
Percent of People with Each Score
Percentile by Number Answered
Your Score History
You have not taken this quiz